India North or South - Statistics

General Stats
  • This quiz has been taken 27 times
  • The average score is 12 of 15
Answer Stats
Question Answer % Correct
Delhi North
100%
Chennai South
100%
Tamil Nadu South
100%
Himalayas North
96%
Utter Pradesh North
96%
Patna North
92%
Ganges River North
88%
Chhattisgarh North
84%
Hyderabad South
84%
Krishna River South
76%
Gandhi Sagar North
72%
Cape Comorin South
72%
Bhubaneswar North
60%
Eastern Ghats South
48%
Pune South
40%
No matching quizzes found
Score Distribution
Percent of People with Each Score
Percentile by Number Answered
Your Score History
You have not taken this quiz